Skoki narciarskie - Kamil Stoch - Miejsca na podium w PŚ - Statystyki

Ogólne statystyki
  • Ten quiz został rozwiązany 713 razy
  • Średni wynik to 64 z 80
Statystyki odpowiedzi
l.p Data Skocznia % Poprawnych
1. 23.01.2011 Zakopane HS134
99%
7. 20.01.2012 Zakopane HS134
99%
13. 12.01.2013 Zakopane HS134
99%
28. 18.01.2015 Zakopane HS134
99%
40. 22.01.2017 Zakopane HS134
99%
69. 26.01.2020 Zakopane HS140
99%
3. 20.03.2011 Planica HS215
98%
56. 23.03.2018 Planica HS240
98%
57. 25.03.2018 Planica HS240
98%
21. 16.01.2014 Wisła HS134
97%
38. 14.01.2017 Wisła HS134
97%
39. 15.01.2017 Wisła HS134
97%
45. 19.11.2017 Wisła HS134
97%
67. 24.11.2019 Wisła HS134
97%
36. 01.01.2017 Garmisch-Partenkirchen HS140
90%
49. 01.01.2018 Garmisch-Partenkirchen HS140
90%
27. 09.03.2014 Oslo HS134
90%
32. 15.03.2015 Oslo HS134
90%
44. 19.03.2017 Vikersund HS225
89%
74. 03.01.2021 Innsbruck HS128
87%
12. 04.01.2013 Innsbruck HS130
87%
20. 04.01.2014 Innsbruck HS130
87%
50. 04.01.2018 Innsbruck HS130
87%
24. 28.02.2014 Lahti HS130
87%
25. 02.03.2014 Lahti HS130
87%
53. 04.03.2018 Lahti HS130
87%
65. 10.02.2019 Lahti HS130
87%
5. 18.12.2011 Engelberg HS137
83%
11. 15.12.2012 Engelberg HS137
83%
18. 21.12.2013 Engelberg HS137
83%
19. 22.12.2013 Engelberg HS137
83%
34. 18.12.2016 Engelberg HS140
83%
46. 16.12.2017 Engelberg HS140
83%
47. 17.12.2017 Engelberg HS140
83%
60. 16.12.2018 Engelberg HS140
83%
68. 21.12.2019 Engelberg HS140
83%
72. 19.12.2020 Engelberg HS140
83%
8. 28.01.2012 Sapporo HS134
83%
9. 29.01.2012 Sapporo HS134
83%
29. 25.01.2015 Sapporo HS134
83%
42. 12.02.2017 Sapporo HS137
83%
63. 26.01.2019 Sapporo HS137
83%
15. 15.03.2013 Trondheim HS140
82%
55. 15.03.2018 Trondheim HS140
82%
35. 30.12.2016 Oberstdorf HS137
81%
48. 30.12.2017 Oberstdorf HS137
81%
73. 29.12.2020 Oberstdorf HS137
81%
41. 04.02.2017 Oberstdorf HS225
81%
64. 03.02.2019 Oberstdorf HS235
81%
22. 01.02.2014 Willingen HS145
79%
23. 02.02.2014 Willingen HS145
79%
30. 30.01.2015 Willingen HS145
79%
52. 04.02.2018 Willingen HS145
79%
66. 16.02.2019 Willingen HS145
79%
70. 08.02.2020 Willingen HS145
79%
77. 30.01.2021 Willingen HS147
79%
58. 24.11.2018 Kuusamo HS142
78%
59. 25.11.2018 Kuusamo HS142
78%
4. 03.12.2011 Lillehammer HS100
74%
33. 11.12.2016 Lillehammer HS138
74%
54. 13.03.2018 Lillehammer HS140
74%
71. 10.03.2020 Lillehammer HS140
74%
37. 06.01.2017 Bischofshofen HS140
72%
51. 06.01.2018 Bischofshofen HS140
72%
75. 06.01.2021 Bischofshofen HS142
72%
10. 05.02.2012 Predazzo HS134
70%
61. 12.01.2019 Predazzo HS135
70%
62. 13.01.2019 Predazzo HS135
70%
2. 02.02.2011 Klingenthal HS140
69%
78. 06.02.2021 Klingenthal HS140
69%
80. 11.12.2021 Klingenthal HS140
69%
14. 12.03.2013 Kuopio HS127
60%
26. 04.03.2014 Kuopio HS127
60%
16. 14.12.2013 Titisee-Neustadt HS142
56%
17. 15.12.2013 Titisee-Neustadt HS142
56%
31. 08.02.2015 Titisee-Neustadt HS142
56%
76. 09.01.2021 Titisee-Neustadt HS142
56%
79. 19.02.2021 Rasnov HS97
49%
6. 15.01.2012 Bad Mitterndorf HS200
43%
43. 15.02.2017 Pjongczang HS140
35%
Nie znaleziono quizów pasujących do podanych kryteriów
Rozkład punktacji
Procent ludzi z każdym wynikiem
Percentyl według liczby udzielonych odpowiedzi
Twoja historia wyników
Nie rozwiązałeś tego quizu